Strategic Human Resource Management : An Indian Perspective (Record no. 856)

MARC details
000 -LEADER
Fixed length control field 00506nam a2200169 4500
003 - CONTROL NUMBER IDENTIFIER
Control field SEACOMMC
005 - DATE AND TIME OF LATEST TRANSACTION
Control field 20250426130653.0
008 - FIXED-LENGTH DATA ELEMENTS--GENERAL INFORMATION
Fixed length control field 241210b |||||||| |||| 00| 0 eng d
020 ## - INTERNATIONAL STANDARD BOOK NUMBER / ISBN
International Standard Book Number 978-0-76193-360-1
Price Rs.340.00
040 ## - CATALOGING SOURCE
Original cataloging agency SEACOMMC
082 ## - DEWEY DECIMAL CLASSIFICATION NUMBER
Classification number 658.301
Book Number S 531
100 ## - MAIN ENTRY--PERSONAL NAME
Personal name Sharma, Anuradha
245 1# - TITLE STATEMENT
Title Strategic Human Resource Management : An Indian Perspective
Statement of responsibility Anuradha Sharma and Aradhana Khandekar
260 ## - IMPRINT
Place of publication New Delhi
Name of publisher Response Book
Date of publication 2006.
650 ## - SUBJECT ADDED ENTRY--TOPICAL TERM
Topical term Management
942 ## - ADDED ENTRY ELEMENTS (KOHA)
Koha item type Books
Holdings
Withdrawn status Lost status Source of classification Damaged status Not for loan Home library Current library Shelving location Date acquired Total Checkouts Call number Accession number Date last seen Price effective from Koha item type Copy number
    Dewey Decimal Classification     SEACOM MANAGEMENT COLLEGE SEACOM MANAGEMENT COLLEGE Reference 04/12/2007   658.301 S 531 M-1146 10/12/2024 10/12/2024 Books  
    Dewey Decimal Classification     SEACOM MANAGEMENT COLLEGE SEACOM MANAGEMENT COLLEGE   04/12/2007   658.301 S 531 M-1147 10/12/2024 10/12/2024 Books 1
© Seacom Engineering College, All rights reserved.    Powered by Koha